000
00335nam a2200157Ia 4500
100
_a
Smith/Heidi
650
_a
Reasoning
942
_c
BK
366
_f
20
245
_a
How to pass numerical reasoning tests
260
_b
Kogan Page
_c
2011
082
_a
371.2
_b
SMI
300
_a
230
546
_a
ENGLISH
_c
Computers
999
_c
35414
_d
35414